000 00586nam a2200241 a 4500
001 nice12345678
003 IN_TiNIC
005 20260116011432.0
008 050524s1938 boma grp 000 0 eng
020 _a
_c0
082 0 0 _a297.822
_bIVA2
100 _aIvanow, Wladimir
245 _aTombs of Some Persian Ismaili Imams
260 _aBombay
_bRoyal Asiatic Society
_c1938
300 _a62p
500 _aincludes index and biblioraphy
505 2 _aBibliography
650 _aIsmailis
700 1 _aIvanow, Wladimir
902 _bSRS
942 _cBK
999 _c1501
_d1501